Estadísticas para Países más Poblados en 1800

Haz click aquí para intentar la prueba.

Estadísticas generales

  • Esta prueba ha sido intentada 1.312 veces
  • La puntuación promedio es 13 de 20

Estadísticas de respuestas

PoblaciónPaís o Imperio% Correcto
328 mChina
98%
25 mImperio Español
96%
115 mImperio Británico
95%
35 mImperio Ruso
95%
38 mImperio Francés
93%
5.3 mEstados Unidos
91%
75 mImperio Maratha
89%
29 mJapón
86%
9.3 mImperio Portugués
81%
26 mImperio Otomano
71%
23 mImperio Habsburgo
65%
6.2 mImperio Neerlandés
65%
3.5 mPersia
62%
9.5 mJoseon
48%
4.2 mSiam
46%
11 mPrusia
40%
6.5 mAnnam
32%
24 mSacro Imperio Romano
20%
3.2 mBirmania
18%
6.7 mReino de las Dos Sicilias
16%

Distribución de puntuación

Porcentaje por número respondido

Porcentaje de gente con cada puntuación

Historial de tus puntuaciones

No has intentado esta prueba.